00530nam a2200121 a 450000100100000000500170001000800410002704000250006811000980009324500880019126000910027930000380037000003173720250607073643.0110630s1970 dr ac 000 | spa d aDO-SdBNPbspacBNPHU1 aRepública Dominicana. b Secretaria de Estado de Salud Pública y Asistencia Social (2001)10aMemoria :bde la sub-secretaría de Estado de Salud Pública y Asistencia Social. aSanto Domingo :bSecretaría de Estado de Salud Pública y Asistencia Social,c1970. a[30] p. :bil. ; retrs. ;c22 cm.